000
00287 a2200121 4500
000
nam a22 7a 4500
005
20260302154244.0
100
_a
Keller, E. A.
_9
1123503
245
_a
Introduction to Environmental Geology
250
_a
5
260
_b
Pearson
_c
2017
942
_c
TEXL
999
_c
1688414
_d
1688414